000 01202nam a2200349 i 4500
003 CO-BoRNBP
005 20250306151739.0
007 ta
008 231121s2023 ck a|||er|||||0|| f|spa||
020 _a9786289603514
040 _aCO-BoRNBP
_bspa
_erda
_cCO-BoRNBP
041 1 _aspa
_heng
043 _as-ke---
084 _aN THI3
100 1 _aThiong'o, Ngũgĩ wa
_d1938-
_eautor
_959200
245 1 0 _aPétalos de sangre /
_cNgũgĩ wa Thiong’o ; traducción Patricia Oliver
250 _aEdición especial
264 1 _aBogotá, Colombia
_bSaga Libros
_c2023
300 _a472 página
_c22 cm
336 _atexto
_btxt
_2rdacontent
337 _asin mediación
_bn
_2rdamedia
338 _avolumen
_bnc
_2rdacarrier
521 _aRecomendado para un público adulto
534 _tPetals of blood.
650 1 7 _aNovela keniana
_ySiglo XX
_2ARMARC
_959201
650 1 7 _aLiteratura keniana
_ySiglo XX
_2ARMARC
_959202
650 1 7 _aDelitos políticos en la literatura
_2ARMARC
_959203
650 1 7 _aCorrupción política en la literatura
_2ARMARC
_959204
651 4 _aKenia
_vIndependencia
_xHistoria
_y1963
_959205
700 1 _aOliver, Patricia
_etraductora
_959206
942 _2loc
_cBKLIT
999 _c57032
_d57032